AGRIBUSINESS MANAGEMENT (Record no. 216222)

MARC details
000 -LEADER
fixed length control field 00455nam a22001457a 4500
008 - FIXED-LENGTH DATA ELEMENTS--GENERAL INFORMATION
fixed length control field 251120b |||||||| |||| 00| 0 eng d
020 ## - INTERNATIONAL STANDARD BOOK NUMBER
International Standard Book Number 979-8-88715-340-7
100 ## - MAIN ENTRY--PERSONAL NAME
Personal name GILBERT , SARA IVAN
245 ## - TITLE STATEMENT
Title AGRIBUSINESS MANAGEMENT
260 ## - PUBLICATION, DISTRIBUTION, ETC.
Place of publication, distribution, etc. DUBLIN
Name of publisher, distributor, etc. ORYSON PRESS
Date of publication, distribution, etc. 2024
500 ## - GENERAL NOTE
General note INCLUDES INDEX
650 ## - SUBJECT ADDED ENTRY
Topical term or geographic name entry element 1. AGRIBUSINESS 2. AGRICULTURAL INDUSTRIES - MANAGEMENT 3. BUSINESS PLANNING IN AGRICULTURE
942 ## - ADDED ENTRY ELEMENTS (KOHA)
Source of classification or shelving scheme Library of Congress Classification
Koha item type Long Loan Book
Holdings
Withdrawn status Lost status Source of classification or shelving scheme Damaged status Not for loan Collection Home library Current library Shelving location Date acquired Inventory number Total checkouts Full call number Barcode Date last seen Copy number Price effective from Koha item type Date last checked out
    Library of Congress Classification     Science & Technology Kisii University Library Kisii University Library On Display 11/20/2025 109926   HD 1415 .G55 2024 000000020171 11/20/2025 C.1 11/20/2025 Long Loan Book  
    Library of Congress Classification     Science & Technology Kisii University Library Kisii University Library On Display 11/20/2025 109927   HD 1415 .G55 2024 000000020172 11/20/2025 C.2 11/20/2025 Long Loan Book  
    Library of Congress Classification     Science & Technology Kisii University Library Kisii University Library On Display 11/20/2025 109928   HD 1415 .G55 2024   11/20/2025 C.3 11/20/2025 Long Loan Book  
    Library of Congress Classification     Science & Technology Kisii University Library Kisii University Library On Display 11/20/2025 109929 1 HD 1415 .G55 2024 000000020174 12/10/2025 C.4 11/20/2025 Long Loan Book 12/08/2025